| 000 | 00411nam a2200157Ia 4500 | ||
|---|---|---|---|
| 003 | LK-CoDNM | ||
| 005 | 20240725124254.0 | ||
| 008 | 010623t1904 xxu||||| |||| 00| 1 eng d | ||
| 040 |
_aLK-CoDNM _dLK-CoDNM _eLK-CoDNM |
||
| 041 | _aeng | ||
| 080 |
_a8 _bP15 |
||
| 245 | _aA Guide to the Antiquities of the Bronze age | ||
| 260 |
_bOxford _aLondon _c1904 |
||
| 300 | _bxii, 153p. : ill , ill ; 21 cm | ||
| 942 | _cBK | ||
| 999 |
_c85723 _d85723 |
||